| 000 | 00543nam a2200157 4500 | ||
|---|---|---|---|
| 001 | 123286 | ||
| 003 | ES-MaACL | ||
| 005 | 20230906192138.0 | ||
| 007 | t| | ||
| 008 | 070214s1948 sp r ||||0| spa d | ||
| 100 | 1 |
_aRabasa Domenech, M. _994843 |
|
| 245 | 1 | 0 |
_aNociones de Aritmética, Geometría y Física _b: descripción del automóvil / _cM. Rabasa Domenech. |
| 260 |
_aMadrid : _b[s. n.], _c1948 ( _fImp. Grupo de Automóviles del Primer Cuerpo de Ejército) |
||
| 300 |
_a414 p : _bil ; _c21 cm. |
||
| 852 |
_aES-MaACL _jC-5654 _bR.26335 |
||
| 999 |
_c123286 _d123286 |
||